000 00495nam a2200169 4500
001 132859
003 ES-MaACL
005 20230906194250.0
007 t|
008 070214s1956 sp r ||||1| spa d
100 1 _aRosich y Rubiera, Juan.
_999781
245 1 0 _aMotores térmicos e hidráulicos /
_cJuan Rosich y Rubiera.
250 _a4ª. ed. corr. y ampl.
260 _aBarcelona :
_bSpes,
_c1956.
300 _a279 p., 4 lám. :
_bil. ;
_c21 cm.
852 _aES-MaACL
_jC-11316
_bR.39386
999 _c132859
_d132859